| 000 | 00540nam a2200193 4500 | ||
|---|---|---|---|
| 003 | SEACOMEC | ||
| 005 | 20250829133410.0 | ||
| 008 | 240319b |||||||| |||| 00| 0 eng d | ||
| 020 |
_a 978-9389139068 _cRs.199.00 |
||
| 040 | _aSEACOMEC | ||
| 041 | _aEnglish | ||
| 082 |
_a006.3 _bJ83 |
||
| 100 | _aJose ,Jeeva | ||
| 245 |
_aIntroduction to Machine Learning Using python _cJeeva Jose |
||
| 260 |
_aNew Delhi _bKhanna Book Publishing _c2023 |
||
| 300 |
_a192p _c23cm |
||
| 650 |
_aComputer Science _vArtificial intelligence |
||
| 942 | _cBOOK | ||
| 999 |
_c824 _d824 |
||